| 000 | 00801cam a2200205 a 4500 | ||
|---|---|---|---|
| 999 |
_c7629 _d7629 |
||
| 005 | 20200317110713.0 | ||
| 008 | 070319s2007 azuab b 001 0 eng | ||
| 020 | _a9781559639699 (pbk. : alk. paper) | ||
| 082 | 0 | 0 |
_a631.60915 _222 _bBAI |
| 100 | 1 | _aBainbridge, David A. | |
| 245 | 1 | 2 |
_aA guide for desert and dryland restoration : _bnew hope for arid lands / _cDavid A. Bainbridge. |
| 260 |
_a[Tucson, Ariz.] : _bSociety for Ecological Restoration International ; _aWashington, DC : _bIsland Press, _cc2007. |
||
| 300 |
_axvi, 391 p. : _bill., maps ; _c27 cm. |
||
| 440 | 4 | _aThe science and practice of ecological restoration | |
| 504 | _aIncludes bibliographical references (p. 349-373) and index. | ||
| 650 | 0 | _aDeserts. | |
| 650 | 0 | _aArid regions. | |
| 650 | 0 | _aRestoration ecology. | |
| 942 | _2ddc | ||